ბათუმის შოთა რუსთაველის სახელმწიფო უნივერსიტეტის ბიბლიოთეკა

ადამიანის უფლებების მონიტორინგი : (ბიბ.ჩანაწერი № 63352)

000 -ლიდერი
ფიქსირებული სიგრძის საკონტროლო ველი 01418nam a22002177a 4500
003 - საკონტროლო ნომრის იდენტიფიკატორი
საკონტროლო ველი Ge_BSU
005 - ბოლო ოპერაციის თარიღი და დრო
საკონტროლო ველი 20250924144210.0
008 - ფიქსირებული სიგრძის მონაცემთა ელემენტები - ზოგადი ინფორმაცია
ფიქსირებული სიგრძის საკონტროლო ველი 250924s2002 ge ||||| |||| 00| 0 geo d
041 ## - ენის კოდი
Language code of text/sound track or separate title geo
080 ## - უნივერსალური ათობითი კლასიფიკაციის ინდექსი
Universal Decimal Classification number 341.231.14 : 342.7 ნ-79
100 ## - მთავარი ჩანაწერი - პიროვნების სახელი
Personal name ნოვიცკი, მარეკ.
9 (RLIN) 25863
245 ## - ცნობა სათაურის შესახებ
Title ადამიანის უფლებების მონიტორინგი :
Remainder of title [თარგმ. პოლონ. /
Statement of responsibility, etc პოლონ. გამოც. ავტ.: მარეკ ნოვიცკი, ზუზანა ფიალოვა ; მთარგმნ.: ნინო ინწკირველი და სხვ. ; ქართ. გამოც. მთ. რედ.: ფრიდონ საყვარელიძე] ; ადამიანის უფლებების ჰელსინკის ფონდი.
264 ## - წარმოების, გამოცემის, დისტრიბუციის და სხვა ცნობები
გამოცემის, წარმოების, დისტრიბუციის... ადგილი თბილისი,
გამოცემის, წარმოების, დისტრიბუციის... თარიღი 2002.
300 ## - ფიზიკური აღწერა
Extent 256გვ. :
Other physical details ილ. ;
Dimensions 23სმ.
653 ## - INDEX TERM--UNCONTROLLED
Uncontrolled term ადამიანის ძირითადი უფლებები
653 ## - INDEX TERM--UNCONTROLLED
Uncontrolled term სამართალი
700 ## - ADDED ENTRY--PERSONAL NAME
Personal name ფიალოვა, ზუზანა
Relator term ავტორი
9 (RLIN) 25864
700 ## - ADDED ENTRY--PERSONAL NAME
Personal name ინწკირველი, ნინო
Relator term მთარგმნელი
9 (RLIN) 25865
700 ## - ADDED ENTRY--PERSONAL NAME
Personal name საყვარელიძე, ფრიდონ
Relator term რედაქტორი
9 (RLIN) 25866
942 ## - ADDED ENTRY ELEMENTS (KOHA)
Source of classification or shelving scheme
Koha item type წიგნი
ეგზემპლარები
ჩამოწერის სტატუსი დაკარგული ეგზემპლარის სტატუსი კლასიფიკაციის წყარო ან თაროზე გაწყობის სქემა დაზიანების სტატუსი არ გაიცემა მუდმივი მდებარეობა (დაცვის ადგილი) ამჟამინდელი ადგილსამყოფელი თაროზე განთავსების ადგილი შეძენის თარიღი ღირებულება, შესყიდვის ნორმალური ფასი სრული შენახვის შიფრი შტრიხკოდი ბოლო ოპერაციის თარიღი ეგზემპლარის მიმდევრობითი ნომერი (კეტერი?) Uniform Resource Identifier ფასის ძალაში შესვლის თარიღი ეგზემპლარის სახეობა საჯარო შენიშვნა
          ბათუმის შოთა რუსთაველის სახელმწიფო უნივერსიტეტის მთავარი ბიბლიოთეკა ბათუმის შოთა რუსთაველის სახელმწიფო უნივერსიტეტის მთავარი ბიბლიოთეკა წიგნსაცავი 2025-09-24 10.00 341.231.14 : 342.7 ნ-79 72389 2025-09-24 72389 ნაჩუქარი 2025-09-24 წიგნი 10 ლ.